000 01022nam a22001817a 4500
005 20251202125701.0
020 _a978-9352866540
082 _a005.133(J) DEI
100 _aPaul J Deitel
_91167
100 _aHarvey Deitel
_91168
245 _aJava 9 for Programmers_4th Edition
250 _a4
260 _aPearson India
_bNoida
_c2018
300 _a1120 Pages
_bItem Weight ‏ : ‎ 1 kg 320 g Dimensions ‏ : ‎ 20.3 x 25.4 x 4.7 cm
520 _a Written for programmers with a background in another high-level language, this book applies the Deitel signature live-code approach to teaching programming and explores the Java® 9 language and APIs in depth. The book presents concepts in fully tested programs, complete with code walkthroughs, syntax shading, code highlighting and program outputs. It features hundreds of complete Java 9 programs with thousands of lines of proven code, and hundreds of software-development tips that will help you build robust applications.
650 _aCSE
_914
942 _cBK
999 _c38075
_d38075